| 000 | 00621nas a2200205 4500 | ||
|---|---|---|---|
| 001 | BR7305910 | ||
| 003 | BR-BrBNA | ||
| 005 | 20231205082544.0 | ||
| 007 | ta | ||
| 008 | 230509b bl.|||p| |||| 00| 00por d | ||
| 040 |
_aBR-BrBNA _bpor _cBiblioteca Nacional de Agricultura |
||
| 041 | _a(It, Pt) | ||
| 072 | _aF70 | ||
| 100 | 1 | _aMonteiro Neto, H. | |
| 245 | 1 | _aPichisermollia Monteiro Neto. Um nome novo para Gigliolia Becc. | |
| 650 | _aTAXONOMIA VEGETAL | ||
| 773 | 0 |
_tRodriguesia (Brazil) _xISSN 0370-6583 _g(1976), v. 28(41) p. 195-198 _wBR7305910 |
|
| 909 |
_a202311 _bLúcia _c55 _dLúcia Elande |
||
| 942 |
_2AGRIS _n0 _cANA |
||
| 999 |
_c92764 _d92764 |
||